Countries of North America, but Invisible? - Statistics

General Stats
  • This quiz has been taken 24 times
  • The average score is 20 of 23
Answers on the Map
Answers color-coded by a green-red scale on the quiz's map according to % correct below.
 
Answer Stats
Answer % Correct
Canada
96%
Cuba
96%
Mexico
96%
Nicaragua
96%
Panama
96%
United States
96%
Bahamas
91%
El Salvador
91%
Haiti
91%
Belize
87%
Costa Rica
87%
Dominica
87%
Dominican Republic
87%
Guatemala
87%
Honduras
87%
Jamaica
87%
Trinidad and Tobago
87%
Barbados
83%
Saint Lucia
83%
Antigua and Barbuda
78%
Grenada
78%
Saint Kitts and Nevis
78%
Saint Vincent and the Grenadines
70%
No matching quizzes found
Score Distribution
Percent of People with Each Score
Percentile by Number Answered
Your Score History
You have not taken this quiz